000 00888nam a22002777a 4500
003 CHAP
005 20220329140248.0
008 971013s1963 r 00010 d
010 _a49399
011 _a50371
035 _a54521
040 _cCHAP
082 _a637.1
_bF67Y
100 0 0 _aFarrall, Arthur W.
_939798
245 _aIngeniería para la industria lechera
260 _aMéxico, D. F. :
_bHerrero,
_c1963
300 _a445 p.
_b: ilus.
590 _aBATCH-UPD
_b10
_c20130110
_lUCH01
_h1601
590 _aCONVERSION
_b10
_c20130109
_lUCH01
_h1327
650 1 4 _aIndustria lechera.
_957819
901 _aBK
942 _cLIBRO
949 _a637.1 F67Y
_bBC
_cLIBRO
_d33724000103248
_eLIBRO
_fc.2
_h39498
_i54521
_si
949 _a637.1 F67Y
_bBC
_cLIBRO
_d33724000103255
_eLIBRO
_h17365
_i54521
_si
949 _a637.1 F67y
_bBC
_cLIBRO
_d33724002123785
_eLIBRO
_fc.3
_gI.c/e
_h111045
_i54521
_sb
999 _c49399
_d49399